| 000 | 00457nam a22001817a 4500 | ||
|---|---|---|---|
| 003 | OSt | ||
| 005 | 20240717132527.0 | ||
| 008 | 240717b |||||||| |||| 00| 0 eng d | ||
| 020 | _a9187748614 | ||
| 040 | _cMUST | ||
| 082 | _aNOR 305.4 1997 | ||
| 100 |
_aNordstrom Carolyn _918851 |
||
| 245 |
_aGirls and Warzones _bTroubling Questions _cCarolyn Nordstrom |
||
| 300 |
_a50p. _c21cm |
||
| 504 | _abibliography | ||
| 650 | _2economics | ||
| 942 |
_2ddc _cO_SHELF |
||
| 999 |
_c9239 _d9239 |
||